000 00626nam a2200193Ia 4500
003 GCL
008 140319s9999 xx 000 0 ara d
040 _aGCL /
_cGCL
082 0 4 _a914.5
_bر ا
100 1 _aراتب الزيات
245 1 0 _aايطاليا /
_cراتب الزيات
300 _aمتعدد
490 _aعالم المدن حول بلدان العالم
_v0
650 0 4 _aاسكتلندا - وصف ورحلات
650 0 4 _aايطاليا - وصف ورحلات
650 0 4 _aاليونان - وصف ورحلات
650 0 4 _aالمملكة المتحدة - وصف ورحلات
942 _2ddc
_cBK
999 _c51854
_d51854